Truyện cổ dân gian Chăm Bình Thuận

Đã lưu trong:
Sonraí Bibleagrafaíochta
Príomhúdar: Bố Xuân Hổ
Formáid: Leabhar
Teanga:Vietnamese
Foilsithe: H. Khoa học xã hội 2015
Ábhair:
Clibeanna: Cuir Clib Leis
Gan Chlibeanna, Bí ar an gcéad duine leis an taifead seo a chlibeáil!
Thư viện lưu trữ: Mạng thư viện Đại học Đà Nẵng
LEADER 01264aam a22003738a 4500
001 000023554
003 20007
005 20160105140134.0
008 160105s2015 viesd
020 |d 2000b 
041 0 |a vie 
082 0 4 |2 23  |a 398.20959759  |b BÔ-H 
100 1 |a Bố Xuân Hổ 
245 1 0 |a Truyện cổ dân gian Chăm Bình Thuận  |c Bố Xuân Hổ 
260 |a H.  |b Khoa học xã hội  |c 2015 
300 |a 143 tr.  |c 21 cm. 
500 |a ĐTTS ghi: Hội Văn nghệ dân gian Việt Nam 
650 0 4 |2 Bộ TK TVQG  |a Văn học dân gian  |x Dân tộc Chăm 
650 7 |2 Bộ TK TVQG 
651 7 |2 Bộ TK TVQG  |a Bình Thuận 
653 |a Dân tộc Chăm 
653 |a Văn học dân gian 
653 |a Truyện cổ 
655 7 |2 Bộ TK TVQG  |a Truyện cổ 
OWN |a LSP 
AVA |a UDN50  |b LSP  |d 398.20959759 BÔ-H  |e available  |t Error 5001 Not defined in file expand_doc_bib_avail.  |f 1  |g 0  |h N  |i 0  |k 1 
999 |a From the UDN01 
AVA |a UDN50  |b LSP  |d 398.20959759 BÔ-H  |e available  |t Error 5001 Not defined in file expand_doc_bib_avail.  |f 1  |g 0  |h N  |i 0  |k 1 
TYP |a Monograph 
TYP |a Printed language 
980 |a Mạng thư viện Đại học Đà Nẵng